Die längsten Flüsse der Welt - Statistiken

Allgemein
  • Dieses Quiz wurde 182 mal gespielt
  • Das Durchschnittsergebnis liegt bei 8 aus 20
Antwortstatistiken
Länge Fluss Kontinent % Korrekt
6.650 km Nil Afrika
99%
6.575 km Amazonas Südamerika
98%
3.530 km Wolga Europa, Asien
77%
3.778 km Mississippi Nordamerika
74%
4.375 km Kongo Afrika
54%
4.500 km Mekong Asien
48%
4.400 km Lena Asien
45%
4.180 km Niger Afrika
44%
6.276 km Jangtsekiang Asien
40%
4.130 km Missouri Nordamerika
40%
3.650 km Ob Asien
38%
3.180 km Indus Asien
29%
4.092 km Jenissei Asien
23%
3.990 km Paraná Südamerika
21%
3.070 km Brahmaputra Asien
15%
4.250 km Irtysch Asien
6%
3.200 km São Francisco Südamerika
5%
4.845 km Hwangho Asien
3%
3.283 km Juruá Südamerika
1%
3.210 km Purus Südamerika
1%
Keine übereinstimmenden Quizze gefunden
Verteilung der Resultate
Anzahl Personen mit jedem Resultat
Perzentil nach korrekt beantworteten Fragen
Ihre Resultats-Entwicklung
Sie haben dieses Quiz noch nicht gespielt